Diseño de una graderia de hormigón para estadio

Salvato in:
Dettagli Bibliografici
Autore principale: Ortiz Guier, Claudio
Natura: Sconosciuto
Pubblicazione: [San José, Costa Rica] 1949
Soggetti:
Tags: Aggiungi Tag
Nessun Tag, puoi essere il primo ad aggiungerne!!

MARC

LEADER 00000 a2200000 4500
003 011031
005 20221231143803.0
008 140114s1949 c a m 000 ||s d
040 |c cru CEDI 
090 |a TFG 081 
100 |a Ortiz Guier, Claudio  |9 17166 
245 |a Diseño de una graderia de hormigón para estadio 
260 |c 1949  |a [San José, Costa Rica] 
300 |a  141 hojas : ilustraciones , 2 planos. (color en bolsa adjunta) ; 28 cm  
500 |a Tesis de Incorporación (Ingeniero Civil) Universidad de Costa Rica. Ingeniero civil egresado del Agricultural and Mechanical College of Texas 
501 |a  Ed. mimeografiada.  
650 |x CONSTRUCCIONES DE HORMIGON  |9 17167 
942 |c TFG 
999 |c 11964  |d 11964